[Event "Zuerich op-B 25th"]
[Site "Zuerich"]
[Date "2001.??.??"]
[Round "7"]
[White "Bilat, Michel"]
[Black "Riesen, Hansruedi"]
[Result "1-0"]
[WhiteElo "1895"]
[BlackElo "1978"]
[PlyCount "33"]
[EventDate "2001.12.26"]
[EventType "swiss"]
[EventRounds "7"]
[EventCountry "SUI"]
[SourceTitle "EXT 2019"]
[Source "ChessBase"]
[SourceDate "2018.10.10"]
[SourceVersion "1"]
[SourceVersionDate "2018.10.10"]
[SourceQuality "1"]

1. d4 Nf6 2. Nf3 e6 3. e3 d5 4. Bd3 c5 5. c3 Nc6 6. Nbd2 Bd6 7. 0-0 0-0 8. e4 cxd4 9. cxd4 dxe4 10. Nxe4 Be7 11. Be3 b6 12. Qc2 Nb4 13. Nxf6+ gxf6 14. Bxh7+ Kg7 15. Qe4 Ba6 16. Qh4 f5 17. Qh5 1-0